BZRP Music Sessions - Estadísticas

Estadísticas generales
  • Esta prueba ha sido intentada 604 veces
  • La puntuación promedio es 21 de 50
Estadísticas de respuestas
Hint Respuesta % Correcto
16 Trueno
81%
13 Nicki Nicole
75%
23 Paulo Londra
73%
51 Villano Antillano
70%
41 Nicky Jam
65%
36 Nathy Peluso
63%
46 Anuel AA
59%
40 Eladio Carrión
58%
49 Residente
58%
32 Cazzu
54%
39 Snow Tha Product
54%
38 L-Gante
53%
24 Dani
52%
34 KHEA
52%
48 Tiago PZK
52%
1 Bhavi
50%
45 PtaZeta
49%
47 Morad
48%
29 C.R.O
44%
37 YSY A
44%
25 Don Patricio
43%
10 Frijo
43%
9 Dillom
42%
15 Alemán
41%
17A Kinder Malo
39%
17B Kinder Malo
39%
31 Zaramay
39%
3 Paco Amoroso
38%
43 Chucky73
34%
35 Asan
33%
30 Homer el Mero Mero
32%
2 Ecko
31%
12 Mesita
31%
27 Bejo
30%
44 MHD
29%
33 Seven Kayne
29%
6 Kodigo
28%
26 Lucho SSJ
28%
28 Big Soto
27%
11 Kiddo Toto
27%
14 Ca7riel
25%
18 John C
24%
22 Lalo Ebratt
24%
20 Louta
24%
5 Pekeño77
24%
7 DrefQuila
21%
21 Neutro Shorty
21%
19 Polimá Westcoast
21%
8 Zanto
19%
4 Blunted Vato
18%
No se encontraron pruebas coincidentes
Distribución de puntuación
Porcentaje de gente con cada puntuación
Porcentaje por número respondido
Historial de tus puntuaciones
No has intentado esta prueba.